Marine diesel engines / (Record no. 1435)

000 -LEADER
fixed length control field 00582nam a2200193 a 4500
008 - FIXED-LENGTH DATA ELEMENTS--GENERAL INFORMATION
fixed length control field 200102r20042010ii ad||g |||| 001 0 eng d
020 ## - INTERNATIONAL STANDARD BOOK NUMBER
International Standard Book Number 9788173669279
Terms of availability Rs .250.00
040 ## - CATALOGING SOURCE
Original cataloging agency IMU Kochi Library
Language of cataloging eng
Description conventions eng
044 ## - COUNTRY OF PUBLISHING/PRODUCING ENTITY CODE
MARC country code India
082 04 - DEWEY DECIMAL CLASSIFICATION NUMBER
Edition number 23
Classification number 623.87236
Item number Ar145
100 1# - MAIN ENTRY--PERSONAL NAME
Personal name Aranha, Deven
245 10 - TITLE STATEMENT
Title Marine diesel engines /
260 ## - PUBLICATION, DISTRIBUTION, ETC. (IMPRINT)
Place of publication, distribution, etc Mumbai :
Name of publisher, distributor, etc Shroff Publishers and Distributors Pvt.Ltd. ,
Date of publication, distribution, etc 2004, Reprinted 2010
300 ## - PHYSICAL DESCRIPTION
Extent ix ,374p. :
Other physical details ill. , charts ;
Dimensions 22 cm.
504 ## - BIBLIOGRAPHY, ETC. NOTE
Bibliography, etc Includes Index.
650 #0 - SUBJECT ADDED ENTRY--TOPICAL TERM
Topical term or geographic name as entry element Marine diesel motors
Form subdivision Textbooks
852 ## - LOCATION/CALL NUMBER
Location IMU Kochi Library
942 ## - ADDED ENTRY ELEMENTS (KOHA)
Item type Books
Holdings
Withdrawn status Lost status Source of classification or shelving scheme Damaged status Not for loan Collection code Permanent location Current location Shelving location Date acquired Source of acquisition Cost, normal purchase price Total Checkouts Full call number Barcode Date last seen Date last borrowed Koha item type Public note Total Renewals
          Engineering IMU Kochi Library IMU Kochi Library General Stacks 2011-05-02 M/s Sterling Book House (Inv. No.2126 Dt 2011-01-19) 250.00 1 623.87236 Ar145 BK000166 2022-06-01 2022-05-17 Books Gen. Shelf-14, Row-1  
          Engineering IMU Kochi Library IMU Kochi Library General Stacks 2011-05-02 M/s Sterling Book House (Inv. No.2126 Dt 2011-01-19) 250.00 2 623.87236 Ar145 BK000167 2022-06-01 2022-05-17 Books Gen. Shelf-14, Row-1  
          Engineering IMU Kochi Library IMU Kochi Library General Stacks 2011-05-02 M/s Sterling Book House (Inv. No.2126 Dt 2011-01-19) 250.00 1 623.87236 Ar145 BK000168 2022-06-08 2022-05-17 Books Gen. Shelf-14, Row-1 1
          Engineering IMU Kochi Library IMU Kochi Library General Stacks 2011-05-02 M/s Sterling Book House (Inv. No.2126 Dt 2011-01-19) 250.00 1 623.87236 Ar145 BK000169 2022-06-22 2022-05-17 Books Gen. Shelf-14, Row-1 1
          Engineering IMU Kochi Library IMU Kochi Library General Stacks 2011-05-02 M/s Sterling Book House (Inv. No.2126 Dt 2011-01-19) 250.00 1 623.87236 Ar145 BK000170 2022-06-01 2022-05-17 Books Gen. Shelf-14, Row-1  
          Engineering IMU Kochi Library IMU Kochi Library General Stacks 2011-05-02     1 623.87236 Ar145 BK000226 2022-06-01 2022-05-17 Books Gen. Shelf-14, Row-1  


Copyright © All Rights Reserved by Indian Maritime University, Kochi Campus.
For any Suggestions/Query Contact to library or Email: library.kochi@imu.ac.in Ph:(0484)-2989402
(Web OPAC Designed by Rudra Ranjan. Maintained by IMU Kochi Library)

Powered by Koha